najlepsze postacie z różnych krajów - Statystyki

Ogólne statystyki
  • Ten quiz został rozwiązany 35 razy
  • Średni wynik to 3 z 11
Statystyki odpowiedzi
Podpowiedzi Odpowiedzi % Poprawnych
Portugalia Ronaldo
90%
Argentyna Messi
70%
Polska Wojtyla
70%
Brazylia Pele
40%
Serbia Tesla
27%
Ukraina Zełenski
27%
Niemcy Einstein
13%
Wielka Brytania Windsor
3%
Stany Zjednoczone Armstrong
0%
Szwecja Kamrad
0%
Dania Kirk
0%
Nie znaleziono quizów pasujących do podanych kryteriów
Rozkład punktacji
Procent ludzi z każdym wynikiem
Percentyl według liczby udzielonych odpowiedzi
Twoja historia wyników
Nie rozwiązałeś tego quizu